Δρόμοι και κόμβοι της Βαλκανικής από την αρχαιότητα στην ενιαία Ευρώπη : ιστορική γεωγραφία = Roads and crossroads of the Balkans from antiquity to the European Union : historical geography
Αποθηκεύτηκε σε:
| Άλλοι συγγραφείς: | , , |
|---|---|
| Μορφή: | Βιβλίο |
| Γλώσσα: | Greek English |
| Δημοσίευση: |
Θεσσαλονίκη :
Αριστοτέλειο Πανεπιστήμιο Θεσσαλονίκης, Τομέας Πολεοδομίας Χωροταξίας και Περιφερειακής Ανάπτυξης, Τμήμα Αρχιτεκτόνων,
1998.
|
| Θέματα: | |
| Ετικέτες: |
Προσθήκη ετικέτας
Δεν υπάρχουν, Καταχωρήστε ετικέτα πρώτοι!
|
MARC
| LEADER | 00000cam a2200000 i 4500 | ||
|---|---|---|---|
| 001 | 1/79896 | ||
| 008 | 990506s1998####gr | ||| |||| ||gre|| | ||
| 020 | |a 9608609550 | ||
| 035 | |l 10050501 | ||
| 040 | |a GR-MyUa |b gre |e AACR2 | ||
| 041 | 0 | |a gre |h eng | |
| 082 | 7 | |a 911.496 |2 (22) | |
| 245 | 0 | 0 | |a Δρόμοι και κόμβοι της Βαλκανικής από την αρχαιότητα στην ενιαία Ευρώπη : |b ιστορική γεωγραφία = Roads and crossroads of the Balkans from antiquity to the European Union : historical geography / |c επιμέλεια Ε.Π. Δημητριάδης, Α.-Φ. Λαγόπουλος, Γ. Τσότσος. |
| 246 | 1 | |i Παράλληλος τίτλος: |a Roads and crossroads of the Balkans from antiquity to the European Union : |b historical geography | |
| 260 | |a Θεσσαλονίκη : |b Αριστοτέλειο Πανεπιστήμιο Θεσσαλονίκης, Τομέας Πολεοδομίας Χωροταξίας και Περιφερειακής Ανάπτυξης, Τμήμα Αρχιτεκτόνων, |c 1998. | ||
| 300 | |a 280 σ. : |b χάρτες. ; |c 24 εκ. | ||
| 500 | |a Διεθνές συνέδριο ιστορικής γεωγραφίας, Θεσσαλονίκη 25-27 Σεπτεμβρίου 1995. | ||
| 650 | 0 | 0 | |a Regional planning |z Balkan Peninsula. |
| 651 | 0 | |a Balkan Peninsula |x Historical geography. | |
| 700 | 1 | |a Δημητριάδης, Ευάγγελος Π. |e edt | |
| 700 | 1 | |a Λαγόπουλος, Αλέξανδρος-Φαίδων, |d 1939- |e edt | |
| 700 | 1 | |a Τσότσος, Γεώργιος Π., |d 1956- |e edt | |
| 852 | |a INST |b LESVOS |e 19990506 |h 911.496 ΑΡΙ |p 005100016539 |q 005100016539 |t BK |y 0 | ||
| 852 | |a INST |b LESVOS |e 19990506 |h 911.496 ΑΡΙ |p 005100016540 |q 005100016540 |t BK |y 0 | ||
| 852 | |a INST |b LESVOS |e 19990506 |h 911.496 ΑΡΙ |p 005100016541 |q 005100016541 |t BK |y 0 | ||
| 852 | |a INST |b LESVOS |e 20000816 |h 911.496 ΑΡΙ |p 005100024345 |q 005100024345 |t BK |y 0 | ||
| 901 | |a BIBL1-2000-2 | ||
| 970 | |z 2000/08/ELIDOC | ||
| 970 | |z 2000/06/ΟΙΚΟΝΟΜΟΠΟΥΛΟΥ ΧΡΙΣΤΙΝΑ | ||